| 000 | 01878nam0a22003971 4500 | ||
|---|---|---|---|
| 001 | RU\NLR\bibl\43630 | ||
| 005 | 20260406054338.0 | ||
| 010 |
_a5-8071-0025-5 _92000 |
||
| 021 |
_aRU _b99-21416 _91043 |
||
| 035 | _a(NLR Aleph) 000042542 | ||
| 090 |
_a223414 _c223414 |
||
| 100 | _a19990817d1999 |||y0rusy50 ca | ||
| 101 | 1 |
_arus _ceng _btib |
|
| 102 | _aRU | ||
| 105 | _ay ||||||||| | ||
| 200 | 1 |
_aИстория буддизма _fБудон Ринчендуб _gПер. с тибет. Е.Е. Обермиллера _gПер. с англ. А.М. Донца |
|
| 210 |
_aСПб. _cЕвразия _d1999 |
||
| 215 |
_a335 с. _d24 _cпортр. |
||
| 225 | 1 | _aПилигрим | |
| 300 | _aПодлинник на тибет. яз. На доп. тит. л.: History of Duddhism (Chos-'byung): The jewelry of scripture / By Bu-ston; Transl. from Tibetan by Dr. E. Obermiller. - Heidelberg; Leipzig : In Komiss. bei Harrassowitz, 1931 | ||
| 320 | _aБиблиогр.: c. 307 и в подстроч. примеч. Указ. санскрит. текстов, терминов и имен на санскрите и тибет. яз.: с. 308-327 | ||
| 453 | 0 |
_12001#$aHistory of Buddhism _1700#1$aBu-ston Rin-chen-grub$f1290-1364$3RU\NLR\AUTH\770185696$4070 _tHistory of Buddhism _aBu-ston Rin-chen-grub (1290-1364) |
|
| 606 | 0 |
_aБуддизм _91062925 _3RU\NLR\auth\6694377 |
|
| 686 | _aЭ35,0 | ||
| 700 | 0 |
_4070 _7ca _8rus _aБудон _f1290-1364 _9118790 _3RU\NLR\AUTH\778911 |
|
| 702 | 1 |
_aОбермиллер _bЕ. Е. _f1901-1935 _gЕвгений Евгеньевич _4730 |
|
| 801 | 0 |
_aRU _bNLR _c19990817 _gPSBO |
|
| 801 | 1 |
_aRU _bNLR _c19990817 |
|
| 852 |
_aNLR _bОЛСАА-сл-спр _j4-1094 |
||
| 852 |
_aNLR _j99-7/1312 |
||
| 942 | _cBOOK | ||
| 980 | _aNB | ||
| 980 | 1 | _aSL_SPR | |